[Event "Polanica Zdroj op-D 58th"]
[Site "Polanica Zdroj"]
[Date "2022.08.13"]
[Round "1"]
[White "Ursnik, Patryk"]
[Black "Szalbierz, Piotr"]
[Result "1/2-1/2"]
[WhiteElo "1671"]
[BlackElo "1407"]
[PlyCount "61"]
[EventDate "2022.08.13"]
[EventType "swiss"]
[EventRounds "9"]
[EventCountry "POL"]
[SourceTitle "CBM 210 Extra"]
[Source "ChessBase"]
[SourceDate "2022.11.30"]
[SourceVersion "1"]
[SourceVersionDate "2022.11.30"]
[SourceQuality "1"]

1. e4 e6 2. e5 d5 3. exd6 Bxd6 4. d4 Nf6 5. Nf3 0-0 6. Bc4 Nbd7 7. 0-0 a6 8. a4 b6 9. Bg5 Bb7 10. Re1 c5 11. c3 Qc7 12. Nbd2 cxd4 13. cxd4 Bd5 14. Rc1 Qb7 15. Qb3 Rac8 16. Qd3 Bxc4 17. Nxc4 Bb4 18. Bd2 Bxd2 19. Qxd2 Qb8 20. Nce5 Qb7 21. Qf4 Nd5 22. Qd2 Rfd8 23. Nxd7 Qxd7 24. Ne5 Qb7 25. h3 Rxc1 26. Rxc1 Rc8 27. Nd3 Rxc1+ 28. Qxc1 Qc7 29. Qxc7 Nxc7 30. Kf1 a5 31. b4 1/2-1/2

[Event "Rubinstein Memorial op-D 57th"]
[Site "Polanica Zdroj"]
[Date "2021.08.22"]
[Round "9"]
[White "Ursnik, Patryk"]
[Black "Wolska, Marta"]
[Result "1/2-1/2"]
[WhiteElo "1691"]
[BlackElo "1542"]
[PlyCount "56"]
[EventDate "2021.08.14"]
[EventType "swiss"]
[EventRounds "9"]
[EventCountry "POL"]
[SourceTitle "CBM 204 Extra"]
[Source "ChessBase"]
[SourceDate "2021.11.30"]
[SourceVersion "1"]
[SourceVersionDate "2021.11.30"]
[SourceQuality "1"]

1. a3 Nf6 2. c4 e5 3. Nc3 d6 4. e4 g6 5. Nf3 Bg7 6. d4 exd4 7. Nxd4 0-0 8. Bd3 Nc6 9. Nxc6 bxc6 10. 0-0 Ng4 11. Be2 Nf6 12. f4 Re8 13. Bf3 Be6 14. Qa4 Bd7 15. Qc2 Rb8 16. f5 Bc8 17. Bg5 Qd7 18. Bxf6 Bxf6 19. g4 Qe7 20. Rae1 Bd4+ 21. Kh1 Qe5 22. Rc1 Bd7 23. b3 Rb7 24. Ne2 Bb2 25. Rb1 Bxa3 26. Ng3 Bc5 27. Bg2 Be3 28. Qe2 Bf4 1/2-1/2

[Event "Rubinstein Memorial op-D 57th"]
[Site "Polanica Zdroj"]
[Date "2021.08.21"]
[Round "8"]
[White "Jozefik, Aleksander"]
[Black "Ursnik, Patryk"]
[Result "1/2-1/2"]
[WhiteElo "1470"]
[BlackElo "1691"]
[PlyCount "35"]
[EventDate "2021.08.14"]
[EventType "swiss"]
[EventRounds "9"]
[EventCountry "POL"]
[SourceTitle "CBM 204 Extra"]
[Source "ChessBase"]
[SourceDate "2021.11.30"]
[SourceVersion "1"]
[SourceVersionDate "2021.11.30"]
[SourceQuality "1"]

1. e4 c5 2. Nf3 Nc6 3. Bb5 g6 4. c3 d5 5. e5 Bg7 6. d4 cxd4 7. cxd4 Bg4 8. 0-0 Qb6 9. Nc3 e6 10. Bxc6+ Qxc6 11. h3 Bxf3 12. Qxf3 h6 13. Be3 Ne7 14. Rfc1 Nf5 15. a4 0-0 16. Qe2 Qd7 17. Nb5 a6 18. Nc3 1/2-1/2

[Event "Rubinstein Memorial op-D 57th"]
[Site "Polanica Zdroj"]
[Date "2021.08.20"]
[Round "7"]
[White "Ursnik, Patryk"]
[Black "Janicki, Rafal"]
[Result "0-1"]
[WhiteElo "1691"]
[BlackElo "1821"]
[PlyCount "70"]
[EventDate "2021.08.14"]
[EventType "swiss"]
[EventRounds "9"]
[EventCountry "POL"]
[SourceTitle "CBM 204 Extra"]
[Source "ChessBase"]
[SourceDate "2021.11.30"]
[SourceVersion "1"]
[SourceVersionDate "2021.11.30"]
[SourceQuality "1"]

1. e4 c5 2. c3 Qa5 3. Nf3 Nc6 4. d4 cxd4 5. Nxd4 Nf6 6. Nxc6 bxc6 7. Bd3 g6 8. 0-0 Bg7 9. Nd2 0-0 10. h3 Qc7 11. Qf3 d5 12. Re1 e5 13. Qe3 Re8 14. Nb3 Nd7 15. Bc2 a5 16. a4 Bb7 17. Bd2 c5 18. exd5 Bxd5 19. c4 Bxc4 20. Be4 Rab8 21. Nxa5 Be6 22. b3 f5 23. Bc6 e4 24. Bxd7 Qxd7 25. Rab1 f4 26. Qxf4 Rf8 27. Qxe4 Rbe8 28. Nc4 Bf5 29. Qh4 Bxb1 30. Rxb1 Qd3 31. Rf1 Qxb3 32. a5 Bd4 33. Ne3 Qd3 34. Bc1 Bxe3 35. Bxe3 Rxe3 0-1

[Event "Rubinstein Memorial op-D 57th"]
[Site "Polanica Zdroj"]
[Date "2021.08.19"]
[Round "6"]
[White "Sleczka, Krzysztof"]
[Black "Ursnik, Patryk"]
[Result "0-1"]
[WhiteElo "1420"]
[BlackElo "1691"]
[PlyCount "114"]
[EventDate "2021.08.14"]
[EventType "swiss"]
[EventRounds "9"]
[EventCountry "POL"]
[SourceTitle "CBM 204 Extra"]
[Source "ChessBase"]
[SourceDate "2021.11.30"]
[SourceVersion "1"]
[SourceVersionDate "2021.11.30"]
[SourceQuality "1"]

1. e4 c5 2. Nf3 Nc6 3. d4 cxd4 4. Nxd4 Nf6 5. Nc3 e5 6. Ndb5 d6 7. Nd5 Nxd5 8. exd5 Ne7 9. c4 Ng6 10. h4 a6 11. Nc3 Be7 12. h5 Nf8 13. h6 g6 14. Qa4+ Nd7 15. Be3 0-0 16. Be2 f5 17. f4 Bh4+ 18. Kd2 exf4 19. Bxf4 Bg5 20. g3 Bxf4+ 21. gxf4 Qb6 22. Kc2 Nc5 23. Qa3 Ne4 24. Nxe4 fxe4 25. Qc3 Qc7 26. Rag1 Qf7 27. Bg4 Qf6 28. Rh3 Qxc3+ 29. Rxc3 Rxf4 30. Bxc8 Rxc8 31. b4 b6 32. Rd1 Kf7 33. c5 bxc5 34. bxc5 Rf2+ 35. Kb3 dxc5 36. d6 Rf3 37. Rxf3+ exf3 38. Rf1 Ke6 39. Rxf3 Kxd6 40. Rf7 Rc7 41. Rf6+ Kd5 42. Rxa6 g5 43. Rf6 Ke5 44. Rf8 Rc6 45. Rg8 Kf5 46. Rg7 Rxh6 47. Kc4 Rh2 48. Kxc5 h5 49. a4 Ra2 50. Rh7 Kg6 51. Rh8 Rxa4 52. Kd5 Rf4 53. Ke5 h4 54. Rg8+ Kh5 55. Rh8+ Kg4 56. Rh7 h3 57. Rg7 h2 0-1

[Event "Polanica Zdroj op-D 56th"]
[Site "Polanica Zdroj"]
[Date "2020.08.22"]
[Round "8"]
[White "Sidlo, Szymon"]
[Black "Ursnik, Patryk"]
[Result "1/2-1/2"]
[WhiteElo "1396"]
[BlackElo "1601"]
[PlyCount "44"]
[EventDate "2020.08.15"]
[EventType "swiss"]
[EventRounds "9"]
[EventCountry "POL"]
[SourceTitle "CBM 198 Extra"]
[Source "ChessBase"]
[SourceDate "2020.11.30"]
[SourceVersion "1"]
[SourceVersionDate "2020.11.30"]
[SourceQuality "1"]

1. e4 c5 2. Nf3 Nc6 3. d4 cxd4 4. Nxd4 Nf6 5. Nc3 e5 6. Nde2 Bb4 7. Bd2 d5 8. exd5 Nxd5 9. Nxd5 Qxd5 10. Bxb4 Nxb4 11. Qxd5 Nxd5 12. 0-0-0 Be6 13. g3 Rc8 14. a3 Ke7 15. Bg2 Rhd8 16. Rhe1 f6 17. Rd2 b6 18. Red1 Nc7 19. Nc3 Rxd2 20. Rxd2 Rd8 21. Rxd8 e4 22. Bf1 g6 1/2-1/2

[Event "Polanica Zdroj op-D 56th"]
[Site "Polanica Zdroj"]
[Date "2020.08.16"]
[Round "2"]
[White "Pyka, Roman"]
[Black "Ursnik, Patryk"]
[Result "0-1"]
[WhiteElo "1873"]
[BlackElo "1601"]
[PlyCount "132"]
[EventDate "2020.08.15"]
[EventType "swiss"]
[EventRounds "9"]
[EventCountry "POL"]
[SourceTitle "CBM 198 Extra"]
[Source "ChessBase"]
[SourceDate "2020.11.30"]
[SourceVersion "1"]
[SourceVersionDate "2020.11.30"]
[SourceQuality "1"]

1. Nf3 d5 2. d4 c6 3. c4 e6 4. Nc3 dxc4 5. a4 Bb4 6. Ne5 Nf6 7. e3 Nbd7 8. Nxd7 Bxd7 9. Bxc4 Qa5 10. Bd2 Nd5 11. Qc2 Nb6 12. Bb3 c5 13. dxc5 Qxc5 14. 0-0 0-0 15. Ne4 Qxc2 16. Bxc2 Be7 17. Bc3 Nd5 18. Bd4 Rfc8 19. Bb3 Bc6 20. Ng3 Nf6 21. Rfc1 a6 22. f3 Nd5 23. Kf2 g6 24. Ke2 b5 25. Rxc6 Rxc6 26. axb5 Rc7 27. bxa6 Nb4 28. Ne4 Rxa6 29. Rxa6 Nxa6 30. Nf6+ Bxf6 31. Bxf6 Nc5 32. Bc2 Nd7 33. Bc3 Kf8 34. h4 Nb6 35. Bb3 Nd5 36. Bxd5 exd5 37. Kd3 Ke7 38. e4 Ke6 39. e5 Kd7 40. g3 Ra7 41. b4 Kc6 42. Kd4 Ra2 43. b5+ Kxb5 44. Kxd5 Rg2 45. g4 Rf2 46. Ke4 Kc4 47. Ba5 Re2+ 48. Kf4 Kd5 49. Bc7 Rc2 50. Bb8 Rc8 51. Ba7 Rc4+ 52. Kg5 Kxe5 53. f4+ Ke4 54. Bb8 Kf3 55. h5 gxh5 56. gxh5 Rc6 57. Kf5 Kg3 58. Kg5 h6+ 59. Kf5 Kh4 60. Be5 Kxh5 61. Bf6 Rxf6+ 62. Kxf6 Kg4 63. f5 h5 64. Ke5 h4 65. f6 h3 66. Kd6 Kg5 0-1

[Event "POL-chT U20 2nd League"]
[Site "Sypniewo"]
[Date "2020.??.??"]
[Round "8.24"]
[White "Majocha, Piotr"]
[Black "Ursnik, Patryk"]
[Result "1-0"]
[WhiteElo "2074"]
[BlackElo "1645"]
[PlyCount "74"]
[EventDate "2020.10.23"]
[EventType "team-swiss"]
[EventRounds "9"]
[EventCountry "POL"]
[SourceTitle "CBM 199 Extra"]
[Source "ChessBase"]
[SourceDate "2021.01.31"]
[SourceVersion "1"]
[SourceVersionDate "2021.01.31"]
[SourceQuality "1"]

1. Nf3 d5 2. g3 c6 3. Bg2 Nf6 4. 0-0 h6 5. d3 Bf5 6. Nbd2 e6 7. Qe1 Be7 8. e4 Bh7 9. Qe2 dxe4 10. dxe4 Nbd7 11. Rd1 Qc7 12. Ne1 0-0 13. Nd3 Rad8 14. Nc4 e5 15. a4 Nc5 16. Be3 Nfxe4 17. Bxe4 Nxe4 18. Bxa7 Qc8 19. Bb6 Rd5 20. Ndxe5 Bf6 21. Nd3 Qh3 22. Nf4 Rxd1+ 23. Rxd1 Qf5 24. Ne3 Qc8 25. c3 Bg5 26. Nfg2 Be7 27. f3 Nc5 28. Qc4 Nd7 29. Bd4 Re8 30. b4 c5 31. bxc5 Nxc5 32. Nd5 Bd6 33. Nge3 Qc6 34. Nb4 Qxa4 35. Bxc5 Rxe3 36. Rxd6 Qa1+ 37. Qf1 Re1 1-0

[Event "Rubinstein Memorial-C 55th"]
[Site "Polanica Zdroj"]
[Date "2019.08.25"]
[Round "9"]
[White "Wianecki, Mateusz"]
[Black "Ursnik, Patryk"]
[Result "0-1"]
[WhiteElo "1634"]
[BlackElo "1497"]
[PlyCount "34"]
[EventDate "2019.08.17"]
[EventType "swiss"]
[EventRounds "9"]
[EventCountry "POL"]
[SourceTitle "EXT 2020"]
[Source "ChessBase"]
[SourceDate "2019.10.17"]
[SourceVersion "1"]
[SourceVersionDate "2019.10.17"]
[SourceQuality "1"]

1. b3 e5 2. Bb2 Nc6 3. e3 d5 4. Bb5 Bd6 5. f4 f6 6. fxe5 fxe5 7. Nf3 Bg4 8. 0-0 Nf6 9. h3 Bxf3 10. Qxf3 0-0 11. Bxc6 bxc6 12. c4 Ne4 13. Qg4 Rxf1+ 14. Kxf1 Qf6+ 15. Ke2 Rf8 16. Qf3 Qg6 17. Qg4 Ng3+ 0-1

[Event "Rubinstein Memorial-C 55th"]
[Site "Polanica Zdroj"]
[Date "2019.08.18"]
[Round "2"]
[White "Ursnik, Patryk"]
[Black "Stoop, Jan"]
[Result "1-0"]
[WhiteElo "1497"]
[BlackElo "1654"]
[PlyCount "79"]
[EventDate "2019.08.17"]
[EventType "swiss"]
[EventRounds "9"]
[EventCountry "POL"]
[SourceTitle "EXT 2020"]
[Source "ChessBase"]
[SourceDate "2019.10.17"]
[SourceVersion "1"]
[SourceVersionDate "2019.10.17"]
[SourceQuality "1"]

1. e4 e5 2. Nf3 Nc6 3. Nc3 Nf6 4. d4 exd4 5. Nxd4 Bb4 6. Nxc6 bxc6 7. Bd3 d5 8. exd5 cxd5 9. 0-0 0-0 10. Bg5 c6 11. Qf3 Be7 12. h3 Rb8 13. b3 h6 14. Bxh6 Bd6 15. Bf4 Qc7 16. Ne2 Be6 17. Bxd6 Qxd6 18. Nf4 Rfe8 19. Rfe1 Bd7 20. a4 Qb4 21. c3 Qd6 22. b4 d4 23. Red1 Qc7 24. cxd4 Rxb4 25. g3 Qa5 26. Bc2 Bf5 27. Bxf5 Qxf5 28. Qxc6 Rc8 29. Qf3 g5 30. Qd3 Qd7 31. Qd2 Rxa4 32. Rxa4 Qxa4 33. Nd5 Nxd5 34. Qxg5+ Kh8 35. Qh5+ Kg7 36. Qg4+ Kh7 37. Re1 Qc6 38. Re5 Nf6 39. Qf5+ Kg7 40. Rc5 1-0

[Event "Bohumin op 2nd"]
[Site "Bohumin"]
[Date "2019.06.24"]
[Round "3"]
[White "Sramek, Tomas"]
[Black "Ursnik, Patryk"]
[Result "1/2-1/2"]
[WhiteElo "1936"]
[BlackElo "1565"]
[PlyCount "145"]
[EventDate "2019.06.22"]
[EventType "swiss"]
[EventRounds "9"]
[EventCountry "CZE"]
[SourceTitle "CBM 191 Extra"]
[Source "ChessBase"]
[SourceDate "2019.09.30"]
[SourceVersion "1"]
[SourceVersionDate "2019.09.30"]
[SourceQuality "1"]

1. e4 c5 2. c3 Nf6 3. e5 Nd5 4. d4 cxd4 5. cxd4 Nc6 6. Nf3 d6 7. Bc4 Nb6 8. Bb3 dxe5 9. Nxe5 Nxe5 10. dxe5 Qxd1+ 11. Bxd1 Bd7 12. Bf3 Bc6 13. Bxc6+ bxc6 14. 0-0 e6 15. b3 Be7 16. Ba3 Rc8 17. Bxe7 Kxe7 18. Nc3 Rhd8 19. Rfd1 Rxd1+ 20. Rxd1 Nd5 21. Ne4 h6 22. Kf1 Rb8 23. Rc1 Kd7 24. Nc5+ Ke7 25. g3 Rd8 26. Ne4 Rc8 27. Rc4 Nb6 28. Rc2 f5 29. Nd6 Rc7 30. Nb5 Rb7 31. Rxc6 Nd7 32. Nd6 Nxe5 33. Nxb7 Nxc6 34. Ke2 Kd7 35. f4 Kc7 36. Nc5 Kd6 37. Nd3 Kd5 38. Ke3 a5 39. Nb2 Kc5 40. a3 g6 41. Nd3+ Kd6 42. b4 axb4 43. Nxb4 Na5 44. Kd4 g5 45. Nd3 gxf4 46. gxf4 Nc6+ 47. Ke3 Na5 48. Ne5 Kd5 49. h4 h5 50. Kd3 Nb3 51. Nd7 Nd4 52. Nf6+ Kc5 53. Nxh5 Nf3 54. Ng7 Nxh4 55. Nxe6+ Kb5 56. Kc3 Ka4 57. Kb2 Ng2 58. Ka2 Ne3 59. Nd4 Nd5 60. Ne2 Ne3 61. Nc3+ Ka5 62. Kb3 Ng2 63. Nd5 Kb5 64. Nc3+ Ka5 65. Ne2 Ne3 66. a4 Nd5 67. Ka3 Nb6 68. Nc3 Nc4+ 69. Kb3 Nb6 70. Ne2 Nxa4 71. Nd4 Nb6 72. Nxf5 Nd5 73. Nd4 1/2-1/2

[Event "Bohumin op 2nd"]
[Site "Bohumin"]
[Date "2019.06.22"]
[Round "1"]
[White "Sramek, Vojtech"]
[Black "Ursnik, Patryk"]
[Result "1-0"]
[WhiteElo "2233"]
[BlackElo "1565"]
[PlyCount "91"]
[EventDate "2019.06.22"]
[EventType "swiss"]
[EventRounds "9"]
[EventCountry "CZE"]
[SourceTitle "CBM 191 Extra"]
[Source "ChessBase"]
[SourceDate "2019.09.30"]
[SourceVersion "1"]
[SourceVersionDate "2019.09.30"]
[SourceQuality "1"]

1. e4 c5 2. Nf3 Nc6 3. Nc3 Nf6 4. d4 cxd4 5. Nxd4 e5 6. Ndb5 d6 7. Bg5 a6 8. Na3 b5 9. Bxf6 gxf6 10. Nd5 Bg7 11. c3 Ne7 12. Nxe7 Qxe7 13. Bd3 0-0 14. Nc2 f5 15. Ne3 f4 16. Nd5 Qg5 17. g3 Bb7 18. h4 Qd8 19. Qh5 fxg3 20. fxg3 f5 21. 0-0 Bxd5 22. exd5 e4 23. Bc2 Qb6+ 24. Kg2 Qe3 25. Rae1 Qh6 26. Qxh6 Bxh6 27. g4 fxg4 28. Rxf8+ Rxf8 29. Rxe4 Bf4 30. a4 g3 31. axb5 axb5 32. Bd3 Be5 33. Rxe5 dxe5 34. Kxg3 Kg7 35. Bxb5 Rb8 36. c4 Kf6 37. Kf3 Ke7 38. Ke4 Kd6 39. b4 h6 40. h5 Rb7 41. c5+ Kc7 42. d6+ Kd8 43. Bd3 Rxb4+ 44. Kxe5 Rh4 45. c6 Rxh5+ 46. Bf5 1-0

[Event "Bohumin op 1st"]
[Site "Bohumin"]
[Date "2018.05.24"]
[Round "5"]
[White "Tymrakiewicz, Rafal"]
[Black "Ursnik, Patryk"]
[Result "1-0"]
[WhiteElo "2246"]
[BlackElo "1554"]
[PlyCount "83"]
[EventDate "2018.05.20"]
[EventType "swiss"]
[EventRounds "8"]
[EventCountry "CZE"]
[SourceTitle "CBM 184 Extra"]
[Source "ChessBase"]
[SourceDate "2018.06.28"]
[SourceVersion "1"]
[SourceVersionDate "2018.06.28"]
[SourceQuality "1"]

1. Nf3 Nf6 2. d4 d5 3. c4 c6 4. e3 Bf5 5. Nc3 e6 6. Bd3 Bxd3 7. Qxd3 Nbd7 8. 0-0 Be7 9. Rd1 a5 10. e4 dxc4 11. Qxc4 Rc8 12. Bf4 0-0 13. Rac1 b5 14. Qe2 Qb6 15. h3 b4 16. Nb1 c5 17. d5 exd5 18. e5 d4 19. exf6 Bxf6 20. Nbd2 Rfe8 21. Qf1 Qc6 22. Nc4 Re6 23. b3 a4 24. Re1 axb3 25. axb3 Ra8 26. Qd3 Qd5 27. Rxe6 fxe6 28. Re1 Re8 29. Nfe5 Nxe5 30. Bxe5 Bxe5 31. Rxe5 Qa8 32. Re1 Qa2 33. Nd6 Rf8 34. Ne4 h6 35. Qc4 Kh7 36. Qxe6 d3 37. Qd6 d2 38. Nxd2 Rf6 39. Qd3+ Kg8 40. h4 Qa7 41. Qc4+ Qf7 42. Re8+ 1-0